[Event "CHN-ch Blitz Open 2018"]
[Site "Tianjin"]
[Date "2018.06.07"]
[Round "3"]
[White "Ma, Zhonghan"]
[Black "Fang, Yuxiang"]
[Result "1/2-1/2"]
[WhiteElo "2489"]
[BlackElo "2499"]
[Annotator "TA"]
[PlyCount "37"]
[EventDate "2018.06.07"]
[EventType "blitz"]
[EventRounds "9"]
[EventCountry "CHN"]
[SourceTitle "playchess.com"]
[Source "ChessBase"]
[SourceQuality "1"]

{[%evp 23,37,0,22,6,10,13,15,0,16,0,9,0,5,0,13,0]} 1. d4 d5 2. c4 c6 3. Nf3 Nf6 4. Nc3 a6 5. cxd5 cxd5 6. Bf4 Nc6 7. e3 Bg4 8. Be2 e6 9. O-O Bd6 10. Bxd6 Qxd6 11. Rc1 O-O 12. Na4 {D13: Slav Defence: Exchange variation without ...Bf5} (12. h3 Bxf3 13. Bxf3 Rac8 14. Qd2 Ne7 15. Rc2 Rc7 16. Rfc1 Rfc8 17. a3 g6 18. Na4 Nd7 19. Be2 Rxc2 20. Rxc2 Rxc2 21. Qxc2 Qc6 22. Qxc6 Nxc6 {½-½ (34) Cheparinov,I (2682)-Salgado Lopez,I (2622) Dubai 2014}) 12... Nd7 {LiveBook: 15 Games. The position is equal.} 13. Qb3 Na5 14. Qc3 Nc6 $146 15. Qb3 Na5 16. Qc3 Nc6 17. Qb3 Na5 18. Qc3 Nc6 19. Qb3 1/2-1/2

[Event "CHN-ch Blitz Open 2018"]
[Site "Tianjin"]
[Date "2018.06.07"]
[Round "3"]
[White "Lou, Yiping"]
[Black "Lu, Shanglei"]
[Result "0-1"]
[WhiteElo "2484"]
[BlackElo "2630"]
[Annotator "TA"]
[PlyCount "95"]
[EventDate "2018.06.07"]
[EventType "blitz"]
[EventRounds "9"]
[EventCountry "CHN"]
[SourceTitle "playchess.com"]
[Source "ChessBase"]
[SourceQuality "1"]

{[%evp 16,95,10,19,53,33,27,37,25,30,41,48,45,-102,-44,-209,0,-56,104,-76,27,8,31,22,77,49,121,127,232,-28,-31,-31,-17,-17,-17,-17,-17,-8,-22,-21,-20,-58,-20,-10,-22,-6,-14,-70,-71,-126,-66,-66,-66,-66,-68,-181,-191,-216,-216,-274,-264,-288,-279,-282,-270,-327,-317,-323,-198,-308,-247,-219,-114,-98,-33,-87,-55,-1037,-985,-925,-815,-5177]} 1. d4 d6 2. e4 Nf6 3. Nc3 g6 4. f4 Bg7 5. Nf3 O-O 6. Bd3 Nc6 7. Be3 e5 8. fxe5 dxe5 9. d5 {LiveBook: 5 Games} (9. Nxe5 Nxe5 10. dxe5 Ng4 $15) 9... Ne7 {B09: Pirc Defence: Austrian Attack} 10. Qe2 c6 11. dxc6 (11. Nxe5 cxd5 12. O-O-O Qc7 $17) 11... Nxc6 {White is slightly better.} 12. O-O-O $146 ({Predecessor:} 12. O-O Nd4 13. Qe1 Ng4 14. Bd2 Nxf3+ 15. Rxf3 Be6 16. Kh1 Bh6 17. Bxh6 Nxh6 {½-½ (32) Hase,J (2420)-Bauza,A Moron 1982}) 12... Qa5 13. Bc4 Bg4 14. Qf2 (14. Kb1 $14 {stays ahead.}) 14... Rac8 (14... Nb4 $17 {...Rac8 is the strong threat.} 15. a3 Rac8) 15. Bb3 $2 (15. Bc5 $1 $15) 15... b5 $2 ({Better is} 15... Nb4 $1 $19 16. a4 b5 $1 {[%mdl 512]} 17. Nxb5 Nxe4) 16. Bc5 (16. Kb1 $11) 16... Rfe8 $2 (16... Nd4 $1 $15 {keeps the upper hand.} 17. Bxf8 Nxb3+ 18. Kb1 Kxf8 19. axb3 Rxc3) 17. Rd6 $2 (17. Ng5 $16 Nd8 18. Rxd8 Qxd8 19. Nxf7) 17... Nd8 (17... Be6 $17 18. Ng5 Nd4 19. Nxe6 (19. Bxd4 Bxb3 20. Bc5 Bxa2 $19) 19... Nxe6 20. Bxe6 fxe6) 18. Ng5 (18. Rxf6 $5 Bxf6 19. Nd5 $11) 18... Be6 19. Nd5 Ng4 (19... Bxd5 $11 20. exd5 Nb7) 20. Qg1 Rxc5 ({Of course not} 20... Bh6 $6 21. Bb4 $18) (20... Bxd5 $1 $14 21. Rxd5 Bh6) 21. Qxc5 $16 Nb7 (21... Bh6 $16 22. h4 Nb7 23. Rxe6 Nxc5 24. Rxe8+ Kg7) 22. Qc7 $2 (22. Rxe6 $1 $18 Nxc5 23. Rxe8+ Bf8 24. Rf1 Nxh2 25. Rxf8+ (25. Ne7+ Kg7 $11) 25... Kxf8 26. Rxf7+ Ke8 27. c3) 22... Qxc7 $11 23. Nxc7 {[%cal Rd6e6]} Nxd6 24. Nxe8 Nxe8 25. Nxe6 {Black must now prevent Rd1.} Bh6+ 26. Kb1 {Threatens to win with Rd1.} Nf2 27. Re1 {And now Nd8 would win.} fxe6 28. Bxe6+ Kg7 29. Re2 Nd1 30. Bd7 Nd6 31. a4 ({White should play} 31. c3 $11) 31... b4 $1 $15 {[%cal Bb5b4,Bb4b3][%mdl 32]} 32. Bc6 (32. Be6 $142) 32... Kf6 (32... Nc4 $17 33. Ka2 Ncxb2) 33. Re1 Ne3 34. Re2 a5 35. c3 {[#]} (35. Ka2 $15) 35... b3 $1 $19 36. Rf2+ Ke7 37. h3 Bf4 38. Re2 h5 39. g3 Bh6 40. Rf2 Ndc4 41. Re2 Kd6 42. Bb7 (42. Be8 $142) 42... Kc5 43. Rf2 {[#]} Nd6 ({Black should try} 43... Kb6 $1 $19 {[%cal Rb6b7]} 44. Bc8 Nd1 45. Rf6+ Kc7 46. Rxg6 Ncxb2) 44. Ba8 $17 Nec4 (44... Bg5 $17 {Strongly threatening ...Nec4.} 45. Rf8 Nec4) 45. Rf6 $15 Nb6 46. Bd5 $2 {[%mdl 8192]} (46. Rxg6 $15 Be3 47. Rg8) 46... Nxd5 $19 47. exd5 Bd2 48. Rxg6 {Precision: White = 31%, Black = 47%.} 0-1

[Event "CHN-ch Blitz Open 2018"]
[Site "Tianjin"]
[Date "2018.06.07"]
[Round "3"]
[White "Li, Di"]
[Black "Ye, Rongguang"]
[Result "1-0"]
[WhiteElo "2450"]
[BlackElo "2461"]
[Annotator "TA"]
[PlyCount "77"]
[EventDate "2018.06.07"]
[EventType "blitz"]
[EventRounds "9"]
[EventCountry "CHN"]
[SourceTitle "playchess.com"]
[Source "ChessBase"]
[SourceQuality "1"]

{[%evp 12,76,56,48,109,111,143,70,70,66,68,69,127,125,142,142,139,135,140,136,131,114,138,135,136,100,114,123,121,118,112,110,110,119,116,114,101,93,121,118,131,134,184,129,158,142,211,210,207,188,193,203,210,200,186,160,174,152,344,347,239,59,134,85,517,496,29999]} 1. d4 d5 2. c4 Nc6 3. Nf3 Bg4 4. cxd5 Bxf3 5. gxf3 Qxd5 6. e3 e5 {D07: Queen's Gambit: Chigorin Defence} (6... O-O-O 7. Nc3 Qh5 8. f4 Qxd1+ 9. Kxd1 e6 10. Bd2 Nf6 11. Bg2 Ne7 12. Ke2 Kb8 13. Na4 Nf5 14. Rhd1 Nd5 15. b4 h6 16. Nc5 g5 17. fxg5 hxg5 18. h3 Be7 19. a4 {1-0 (49) Ding,L (2772)-Stevic,H (2616) Antalya 2017}) 7. Nc3 {LiveBook: 318 Games} Qd7 (7... Bb4 $14) 8. d5 $16 Nce7 {[#]White is better.} 9. Bb5 $146 (9. e4 $1 $16) ({Predecessor:} 9. e4 c6 10. f4 Ng6 11. f5 N6e7 12. f4 exf4 13. Bxf4 g6 14. Qd4 {1-0 (24) Solino Nebot,L (1850)-Tuluoglu,U (1626) FICGS email 2010}) 9... c6 $14 10. dxc6 {[%csl Gb5,Gc6][%cal Rd1d7]} Qxd1+ 11. Kxd1 bxc6 ({Black should play} 11... Nxc6 $14 12. Ke2 Nf6) 12. Ba4 $16 Nf6 {[%cal Bg8f6,Bf6d7,Bd7b6,Bb6a4][%mdl 32]} 13. Ke2 Nd7 14. Ne4 Nb6 15. Nd6+ Kd7 16. Nxf7 Nxa4 17. Nxh8 {Hoping for Nf7.} Ke6 18. Bd2 g6 19. b3 Nb6 20. Rac1 Bg7 21. Bb4 {Strongly threatening Nxg6.} Nbd5 22. Bxe7 Nxe7 23. Nxg6 $1 hxg6 24. h4 Rh8 25. Rc4 Bf6 26. Ra4 Nc8 27. Rc1 (27. Ra6 $18) 27... Ne7 {[#]} 28. Rcc4 $1 Kd6 (28... Ra8 $16 29. Ra6 Kd6) 29. Rxa7 $18 Bxh4 30. b4 Bg5 31. a4 {[%cal Ba2a4,Ba4b5][%mdl 32]} Rh1 32. b5 cxb5 33. axb5 Rb1 34. Ra6+ Kd5 $2 (34... Kd7 $16) 35. Rg4 Bh6 36. Ra7 $2 (36. e4+ $18 Kc5 37. Re6) 36... Rb2+ (36... Ke6 $14) 37. Kf1 Nf5 $2 {[%mdl 8192]} (37... Ke6 $16) 38. e4+ Ke6 (38... Kc5 $18 39. exf5 gxf5) 39. Rxg6# {Precision: White = 71%, Black = 36%.} 1-0

[Event "CHN-ch Blitz Open 2018"]
[Site "Tianjin"]
[Date "2018.06.07"]
[Round "3"]
[White "Li, Yankai"]
[Black "Zhou, Jianchao"]
[Result "0-1"]
[WhiteElo "2435"]
[BlackElo "2615"]
[Annotator "TA"]
[PlyCount "92"]
[EventDate "2018.06.07"]
[EventType "blitz"]
[EventRounds "9"]
[EventCountry "CHN"]
[SourceTitle "playchess.com"]
[Source "ChessBase"]
[SourceQuality "1"]

{[%evp 22,92,39,34,37,38,32,27,33,31,22,31,53,46,32,25,32,23,17,8,16,17,22,0,15,23,23,-6,0,-6,0,0,0,0,0,0,0,0,0,0,0,0,0,0,0,-8,-8,-8,-8,-8,-8,-70,-8,-8,-8,-8,-8,-8,0,0,320,-132,0,-643,-616,-626,-614,-537,-504,-1021,-881,-873,-816]} 1. d4 Nf6 2. c4 g6 3. Nc3 Bg7 4. e4 d6 5. Be2 O-O 6. Bg5 c5 7. d5 e6 8. Nf3 exd5 9. exd5 Bg4 {E75: King's Indian: Averbakh Variation: 6...c5 7 d5 e6} 10. O-O Re8 (10... Nbd7 11. Qd2 Re8 12. h3 Bxf3 13. Bxf3 Qb6 14. b3 a6 15. Qc2 Ne5 16. Be2 Re7 17. Rae1 Rae8 18. Bd2 Qd8 19. a4 Ned7 20. Bd1 h5 21. f4 Rxe1 22. Rxe1 Rxe1+ 23. Bxe1 {0-1 (68) Khusenkhojaev,M (2455)-Wang,Y (2699) Ashkhabad 2017}) 11. h3 Bxf3 12. Bxf3 {LiveBook: 5 Games} a6 13. Qc2 Nbd7 14. Rfe1 $146 ({Predecessor:} 14. a4 h6 15. Bh4 Ne5 16. Be2 g5 17. Bg3 Ng6 18. Bd3 Ne5 19. Be2 Ng6 20. Bd3 Ne5 21. Be2 Ng6 {½-½ (21) Popov,I-Shmyrov,M (1901) Samara 2010}) 14... Qc7 15. Bf4 Rxe1+ 16. Rxe1 Re8 17. Rxe8+ (17. Be2 {looks sharper.} Nb6 18. b3 Qe7 19. Bd2 Nfd7 20. Bd3) 17... Nxe8 18. a3 Be5 19. Be3 Ng7 20. g4 {[%cal Bg2g4,Bg4g5][%mdl 32]} f5 21. Qd2 Nf6 22. Kg2 Qd7 {[%cal Rf5g4]} 23. g5 Nfh5 $1 24. Bxh5 Nxh5 25. f4 $132 {[%mdl 2048] White is fighting back} Bxc3 26. Qxc3 Qe7 {Strongly threatening ...Qe4+.} 27. Qd3 Qe4+ 28. Qxe4 fxe4 $11 {[%mdl 4096] Endgame KB-KN} 29. Kf2 Ng7 $1 30. b4 b6 31. b5 axb5 32. cxb5 Kf7 33. Bd2 Nf5 34. a4 {aiming for a5.} Ke8 35. Be1 Kd7 36. Bd2 {[#]} ({Better is} 36. Ke2 $11) 36... Ne7 (36... e3+ $1 $15 {[%mdl 512]} 37. Bxe3 Ne7) 37. Ke3 Nxd5+ 38. Kxe4 Ne7 39. a5 bxa5 40. Bxa5 Ke6 $2 {[%mdl 8192] [#]} (40... Nf5 $11 {and Black is okay.}) 41. Bb6 $2 (41. b6 $1 $18) 41... Nd5 ({Black should try} 41... Nf5 $17 {...Nd4 is the strong threat.} 42. Kd3 Kd5) 42. Ba7 $2 {[%mdl 8192]} (42. Ba5 $11 Nb4 43. b6 d5+ 44. Kf3) 42... Nc3+ $19 {Black is clearly winning.} 43. Kd3 Nxb5 44. Bb6 Kd5 45. h4 (45. Ke3 $142 Kc4 46. f5 gxf5 47. h4) 45... Nd4 46. Bd8 Nf5 {Precision: White = 51%, Black = 60%.} 0-1

[Event "CHN-ch Blitz Open 2018"]
[Site "Tianjin"]
[Date "2018.06.07"]
[Round "3"]
[White "Dai, Changren"]
[Black "Liu, Yan"]
[Result "1-0"]
[WhiteElo "2430"]
[BlackElo "2505"]
[Annotator "TA"]
[PlyCount "101"]
[EventDate "2018.06.07"]
[EventType "blitz"]
[EventRounds "9"]
[EventCountry "CHN"]
[SourceTitle "playchess.com"]
[Source "ChessBase"]
[SourceQuality "1"]

{[%evp 9,101,64,62,58,63,38,70,61,70,54,89,83,97,95,91,56,56,53,79,62,62,75,90,95,107,88,94,100,196,68,64,68,72,60,104,111,309,283,286,275,391,404,397,396,372,164,416,409,631,623,656,656,1883,1868,2674,2508,1667,1266,5831,2764,29976,29977,29977,29978,5975,828,825,804,735,668,667,640,686,683,784,662,910,902,1238,1208,1315,1266,1308,1254,2477,2362,2135,1458,1250,0,2044,2044,1994,3410]} 1. e4 b6 2. d4 Bb7 3. Nc3 e6 4. Bd3 g6 5. Nf3 Bg7 {LiveBook: 10 Games} 6. h4 {B00: Queen's Fianchetto Defence, Nimzowitsch Defence} (6. O-O Ne7 7. Bf4 d6 8. Qd2 h6 9. h3 Nd7 10. Rfe1 a6 11. a4 g5 12. Bg3 Ng6 {0-1 (26) Kempinski,R (2590)-McShane,L (2614) Warsaw 2006}) 6... h6 7. Qe2 Ne7 8. Be3 $146 {White is slightly better.} ({Predecessor:} 8. Bf4 d6 9. O-O-O a6 10. h5 g5 11. Be3 Nd7 12. e5 d5 {1-0 (63) Hendrickson,N (2145)-Betaneli,A (2250) Santa Clara 2014}) 8... Nbc6 9. a3 d6 10. O-O-O a6 11. Kb1 Qd7 12. Qd2 O-O-O 13. Qe2 Nb8 14. Nd2 f5 15. f3 Nec6 {[#]} 16. Nb3 $1 Qf7 17. g4 Rhe8 18. h5 {aiming for hxg6.} fxg4 (18... fxe4 $16 19. Bxe4 (19. Nxe4 g5 $14) 19... gxh5) 19. fxg4 (19. hxg6 $18 Qxg6 20. fxg4) 19... g5 $1 $14 20. Rhf1 $36 {[%mdl 2048] White has the initiative.} Qg8 21. Bc4 b5 22. Bd3 e5 $2 (22... Qh8 $16) 23. d5 $18 Nd4 24. Qd2 c5 (24... Rf8 {is a better defense.} 25. Na5 Rxf1 26. Rxf1 Rf8) 25. dxc6 Nbxc6 26. Nd5 Kb8 {[#]} 27. Nxd4 (27. a4 $142 $1 {[%mdl 512]}) 27... Nxd4 $2 (27... exd4 {was worth a try.} 28. Bg1 Qe6) 28. Qa5 {Threatens to win with Qc7+.} Bxd5 (28... Rd7 $142 29. c3 Nc6) 29. exd5 Qxd5 30. Qb6+ Kc8 31. Bf5+ Re6 32. Bxd4 exd4 33. Qxa6+ Kb8 34. Bxe6 (34. Qb6+ $142 Kc8 35. Rde1) 34... Qxe6 35. Qxb5+ Kc7 36. Qa5+ Kc8 37. Qf5 (37. Qa8+ $142 Kc7 38. Qa7+ Kc6 39. Qxg7 Qxg4 40. Rxd4) 37... Qxf5 38. Rxf5 {[%mdl 4096] Endgame KRR-KRB} Be5 39. Rd3 Kd7 40. a4 {[%cal Ba3a4,Ba4a5,Ba5a6,Ba6a7][%mdl 32]} Kc6 41. a5 Kb5 42. Ra3 Ra8 {[#]} 43. a6 $1 Kb4 (43... Rxa6 44. Rxa6) 44. a7 d3 45. cxd3 Kc5 46. Rf7 Kd4 47. Rb7 d5 48. Rb4+ Kc5 49. Rb7 Kd4 $1 50. Rb6 Kc5 51. Rxh6 {Precision: White = 61%, Black = 35%.} 1-0

[Event "CHN-ch Blitz Open 2018"]
[Site "Tianjin"]
[Date "2018.06.07"]
[Round "3"]
[White "Peng, Xiongjian"]
[Black "Chen, Qi b"]
[Result "0-1"]
[WhiteElo "2427"]
[BlackElo "2432"]
[Annotator "TA"]
[PlyCount "76"]
[EventDate "2018.06.07"]
[EventType "blitz"]
[EventRounds "9"]
[EventCountry "CHN"]
[SourceTitle "playchess.com"]
[Source "ChessBase"]
[SourceQuality "1"]

{[%evp 9,76,-5,6,0,7,5,-6,1,37,26,37,37,58,76,70,71,66,56,53,30,53,41,39,44,41,44,35,39,41,0,0,-23,-32,-29,0,-108,-108,-116,-100,-156,-131,-222,-194,-208,-211,-286,-243,-407,-443,-849,-665,-1054,-410,-391,-234,-225,-212,-232,-228,-268,-238,-526,-462,-1625,-1549,-1464,-1456,-1283,-1191]} 1. e4 c5 2. Nc3 d6 3. d4 cxd4 4. Qxd4 Nf6 (4... Nc6 5. Qd2 Nf6 6. b3 e6 7. Bb2 a6 8. O-O-O b5 9. f3 h5 10. Nh3 Be7 11. Ng5 {1-0 (31) Carlsen,M (2843)-Wojtaszek,R (2744) Shamkir 2018}) 5. b3 e5 6. Qd2 {B23: Sizilianisch (Geschlossenes System)} Be7 $146 ({Vorgänger:} 6... Nbd7 7. g3 Nc5 8. Bg2 Be7 9. Nge2 Bd7 10. Bb2 Bc6 11. f3 {0-1 (41) Meskovs,N (2510)-Kanep,M (2452) Tallinn 2018}) 7. Bb2 O-O 8. O-O-O {Die Stellung ist ausgeglichen.} Be6 9. Kb1 a6 10. f4 exf4 11. Nge2 Nbd7 12. Nxf4 Ne5 13. Be2 b5 14. Qe3 Qc7 15. Ncd5 Bxd5 16. Nxd5 Nxd5 17. Rxd5 Rac8 18. Bd1 Bf6 19. Rf1 Qe7 20. Qb6 Rc6 21. Qe3 Nd7 22. Rdf5 (22. Bg4 $11 Bxb2 23. Bxd7 Qxd7 24. Kxb2) 22... Bxb2 $17 23. Kxb2 Ne5 24. Qd4 (24. Qd2 $142) 24... a5 25. Re1 {[#]} (25. h3 $17 {war einen Versuch wert.}) 25... a4 $1 {[%mdl 512]} 26. Re3 (26. bxa4 bxa4) 26... Rfc8 27. Rg3 g6 28. h4 $2 (28. Kc1 {ist wohl besser.}) 28... Qxh4 $19 29. Qe3 (29. Qf2 $142 Qxe4 30. Rf4 a3+ 31. Kxa3 Ra6+ 32. Kb2) 29... Qh1 30. Qe2 {[#]} b4 (30... a3+ $142 $1 {[%mdl 512]} 31. Kxa3 {[#]} Rxc2 $1 {[%mdl 512]} 32. Bxc2 Qc1+ 33. Kb4 Rxc2 34. Qxc2 Qxc2) 31. Rf1 a3+ (31... Qh6 $142 32. Qf2 axb3 33. axb3 Ra8) 32. Kb1 Qh4 33. Rh3 Qg5 34. Rfh1 h5 $40 {[%mdl 128] Schwarz geht auf den König.} 35. Qe1 $2 (35. Qe3 {ist der einzige Weg für Weiss..} Qd8 36. g4) 35... Qf6 {Schwarz steht klar auf Gewinn.} 36. Qxb4 {[#]} (36. Qe2 $142) 36... Nd3 $1 {[%csl Ga3,Gd3][%cal Rf6b2][%mdl 512]} 37. Qxa3 {[#]} (37. cxd3 Rc1#) 37... Ra6 $1 {[%cal Ra6a3][%mdl 512]} 38. Rf3 (38. Qxa6 Qb2#) 38... Qe5 {Precision: Weiß = 45%, Schwarz = 65%.} ({Minderwertig wäre} 38... Rxa3 39. Rxf6 Nc5 40. Bf3 $14) 0-1

[Event "CHN-ch Blitz Open 2018"]
[Site "Tianjin"]
[Date "2018.06.07"]
[Round "4"]
[White "Wang, Hao"]
[Black "Zhao, Yuanhe"]
[Result "1-0"]
[WhiteElo "2710"]
[BlackElo "2379"]
[Annotator "TA"]
[PlyCount "46"]
[EventDate "2018.06.07"]
[EventType "blitz"]
[EventRounds "9"]
[EventCountry "CHN"]
[SourceTitle "playchess.com"]
[Source "ChessBase"]
[SourceQuality "1"]

{[%evp 25,46,31,39,25,41,29,55,33,45,50,72,13,77,88,81,35,79,46,66,25,29,8,1134]} 1. e4 e5 2. Nf3 Nf6 3. Nc3 Nc6 4. Bb5 Bb4 5. O-O O-O 6. d3 {[%cal Bd2d3,Bd3d4][%mdl 32]} Bxc3 7. bxc3 d6 8. Bg5 Qe7 9. Re1 h6 10. Bh4 Nd8 {[%cal Bc6d8,Bd8e6,Be6g5][%mdl 32]} 11. d4 Bg4 {C49: Four Knights: 4 Bb5 Bb4} 12. h3 Bxf3 (12... Bh5 13. g4 Bg6 14. Bd3 {½-½ (14) Tan,J (2438)-McShane,L (2671) London 2016}) 13. Qxf3 Ne6 {LiveBook: 3 Games. White is slightly better.} 14. Rad1 {[#]} Rad8 $146 ({Predecessor:} 14... g5 15. Bg3 Ng7 16. h4 a6 17. Bc4 b5 18. hxg5 hxg5 19. Bf1 {1-0 (38) Kogan,A (2541)-Lafuente,P (2524) San Sebastian 2009}) 15. Bc4 Kh8 16. Bb3 Ng5 17. Qe3 Nd7 18. f4 (18. Kh1 $16) 18... exf4 (18... Nf3+ $11 {remains equal.} 19. Qxf3 Qxh4) 19. Qxf4 $16 Rde8 20. Rd3 Qf6 21. Qg4 Re7 $1 22. Rg3 {[#] Black must now prevent Qh5.} (22. Qh5 $5 {[%cal Rd3g3]}) 22... Rfe8 {[%cal Re7e4]} 23. Qh5 Nb6 $2 {[%mdl 8192] Precision: White = 32%, Black = 30%.} (23... Rxe4 $11 24. Rxe4 Rxe4 25. Rxg5 (25. Bxg5 Re1+ 26. Kh2 Qf2 $11) 25... Rxh4 26. Qxh4 Qxg5 27. Qxg5 hxg5) 1-0

[Event "CHN-ch Blitz Open 2018"]
[Site "Tianjin"]
[Date "2018.06.07"]
[Round "4"]
[White "Lu, Shanglei"]
[Black "Chu, Wei Chao"]
[Result "1-0"]
[WhiteElo "2630"]
[BlackElo "2399"]
[Annotator "TA"]
[PlyCount "61"]
[EventDate "2018.06.07"]
[EventType "blitz"]
[EventRounds "9"]
[EventCountry "CHN"]
[SourceTitle "playchess.com"]
[Source "ChessBase"]
[SourceQuality "1"]

{[%evp 9,61,45,62,6,49,44,40,29,41,49,48,11,53,0,0,0,29,9,49,58,85,73,86,70,93,83,84,91,114,115,139,116,106,109,106,112,107,107,106,87,130,129,261,263,300,262,261,258,833,764,29970,29971,29991,29992]} 1. e4 c6 2. Nc3 d5 3. Nf3 dxe4 4. Nxe4 Nf6 5. Qe2 Bf5 (5... Na6 6. d4 Qd5 7. Nc3 Qa5 8. Qe5 Qxe5+ 9. dxe5 Nb4 10. Bd3 Nxd3+ 11. cxd3 Nd7 12. Be3 Nb6 13. Ke2 {½-½ (30) Vachier Lagrave,M (2793)-Rapport,R (2700) Caleta 2018}) 6. d3 {B11: Caro-Kann: Two Knights Variation} (6. Nxf6+ $14 gxf6 7. d4) 6... Bxe4 7. dxe4 e5 8. Bd2 $146 {White is slightly better.} ({Predecessor:} 8. g3 Nbd7 9. Bg2 Bc5 10. O-O Qe7 11. c3 O-O-O 12. b4 Bb6 13. a4 {1-0 (41) Vasconcellos,F-Toth,P Rio de Janeiro 1965}) 8... Nbd7 9. O-O-O Qb6 10. Ne1 Bb4 11. f3 ({White should try} 11. c3 $1 $14 Be7 12. f3) 11... Bxd2+ $11 12. Qxd2 O-O-O 13. Qc3 Qc5 14. Bc4 Rhf8 15. Nd3 Qe7 16. Rd2 Ne8 {[%cal Bf6e8,Be8d6,Bd6b5,Bb5d4][%mdl 32]} 17. Qa5 Nd6 18. Bb3 Kb8 {[#]} 19. Rhd1 $1 f6 20. Nc5 Nxc5 21. Qxc5 {[%cal Rd2d6]} Kc7 22. Qxa7 Nb5 23. Qe3 Nd4 24. Bc4 b5 25. c3 {[%cal Bc2c3,Bc3d4,Bd4d5,Bd5c6][%mdl 32]} bxc4 (25... Qc5 $16 {is a better defense.} 26. cxd4 Qxc4+ 27. Kb1 exd4) 26. cxd4 $18 Ra8 27. d5 {White threatens d6+ and mate.} Qb4 {[#]} 28. a3 $1 {[%cal Ra3b4]} Qb5 $2 (28... Qb6 29. d6+ Kb7) 29. dxc6 Rfd8 30. Rxd8 Rxd8 31. Qa7+ {Precision: White = 61%, Black = 28%.} 1-0

[Event "CHN-ch Blitz Open 2018"]
[Site "Tianjin"]
[Date "2018.06.07"]
[Round "4"]
[White "Zhou, Jianchao"]
[Black "Bai, Jinshi"]
[Result "0-1"]
[WhiteElo "2615"]
[BlackElo "2594"]
[Annotator "TA"]
[PlyCount "71"]
[EventDate "2018.06.07"]
[EventType "blitz"]
[EventRounds "9"]
[EventCountry "CHN"]
[SourceTitle "playchess.com"]
[Source "ChessBase"]
[SourceQuality "1"]

{[%evp 24,71,68,61,77,38,62,-23,0,0,-8,-11,22,-23,10,0,0,-94,-87,-136,-147,-131,-128,-158,-151,-131,-102,-97,-77,-102,-101,-95,-102,-133,-100,-170,-102,-177,-83,-95,-9,-64,-14,-55,-77,-67,0,-185,-142,-362]} 1. c4 g6 2. Nc3 c5 3. g3 Bg7 4. Bg2 Nc6 5. d3 d6 6. e4 Nf6 {[%cal Bg8f6,Bf6e8,Be8c7,Bc7e6,Be6c5][%mdl 32]} 7. Nge2 O-O 8. O-O Ne8 9. Be3 Nc7 10. d4 cxd4 11. Nxd4 Ne6 12. Nde2 {[%cal Bd4e2,Be2c3,Bc3d5][%mdl 32] A36: Symmetrical English vs ...g6: 4 Bg2 Bg7} Nc5 13. Qd2 {LiveBook: 3 Games} (13. h3 Be6 14. b3 a5 15. f4 a4 16. f5 Bd7 17. f6 Bh8 18. fxe7 Qxe7 19. Nd5 Qd8 {½-½ (38) Nisipeanu,L (2673)-Maze,S (2559) Aix les Bains 2011}) 13... Rb8 $146 ({Predecessor:} 13... Ne5 14. b3 Bh3 15. Bh6 Bxg2 16. Kxg2 a5 17. Bxg7 Kxg7 18. Nd4 Qd7 19. f4 Nc6 {1-0 (34) Tarjan,J (2478)-Burrows,M (2115) Gibraltar 2016}) 14. Rfd1 {White is better.} Bg4 15. Rab1 (15. f3 $14 Be6 16. Nd5) 15... Bxc3 $1 $11 16. Nxc3 Bxd1 17. Rxd1 Re8 18. Nd5 Qc8 19. Qc3 Ne5 20. f4 (20. b3 $1 $11) 20... Ng4 $1 $17 21. Bd4 e6 $1 {[%cal Re6d5]} 22. Nf6+ Nxf6 23. Bxf6 Nd7 24. Bd4 b6 25. Be3 Qc7 26. a4 Rbc8 27. b3 a6 28. Qb4 Nc5 29. Bc1 {[#]} (29. Qc3 $17) 29... Red8 ({Black should play} 29... b5 $1 $19 {aiming for ...bxa4.} 30. axb5 axb5) 30. Qc3 {[#]} (30. f5 $17 {was called for.}) 30... e5 (30... b5 $1 $19 {and Black stays clearly on top. Hoping for ...bxc4.} 31. cxb5 (31. Bb2 $2 e5 $19) (31. axb5 axb5) 31... axb5) 31. f5 {[#]} Qc6 (31... b5 $1 $17 32. axb5 axb5) 32. Qe3 (32. Bg5 $11) 32... b5 33. axb5 axb5 34. Qh6 Qe8 ({Don't blunder} 34... Nxe4 $2 {[#]} 35. f6 $1 $18 {[%mdl 512]}) ({Better is} 34... bxc4 $1 $15 35. Bg5 Qb6) 35. f6 $2 (35. cxb5 $11 Nxb3 36. Bg5) 35... Ne6 36. cxb5 $2 {Precision: White = 27%, Black = 30%.} (36. Bh3 $17 Qf8 37. Qxf8+ Kxf8 38. cxb5) 0-1